Top Ten Sugar Producers - Statistics

General Stats
  • This quiz has been taken 89 times
  • The average score is 6 of 9
Answer Stats
Metric Tons Answer % Correct
24,400,000 Brazil
97%
3,000,000 India
86%
1,280,000 Mexico
85%
600,000 Colombia
77%
3,700,000 Australia
64%
950,000 Cuba
56%
7,800,000 Thailand
55%
2,300,000 Guatemala
29%
230,000 United Arab Emirates
0%
No matching quizzes found
Score Distribution
Percent of People with Each Score
Percentile by Number Answered
Your Score History
You have not taken this quiz